|
|
|
|
| LEADER |
00000nam a22000005a 4500 |
| 001 |
17424 |
| 003 |
CL-ChBUA |
| 005 |
20120815103635.0 |
| 008 |
070301s2003 ag 000 0 spa |
| 020 |
|
|
|a 9505739567
|
| 040 |
|
|
|a CL-ChBUA
|c CL-ChBUA
|
| 082 |
0 |
0 |
|a 242
|
| 090 |
|
|
|c 17424
|d 17424
|
| 100 |
1 |
|
|a Tucker, Santiago
|
| 245 |
1 |
0 |
|a Buscando tesoros escondidos
|
| 260 |
|
|
|b A.C.E.S.
|a Buenos Aires.
|c 2003.
|
| 300 |
|
|
|c 20 cm.
|
| 650 |
|
4 |
|a MEDITACIONES MATINALES.
|
| 700 |
1 |
|
|a Priscila.
|
| 942 |
|
|
|c LIB
|
| 952 |
|
|
|0 0
|1 0
|4 0
|7 0
|9 24106
|a UNACH
|b UNACH
|c 200
|d 2007-03-05
|i 35.750.
|l 2
|m 3
|o 242 / T 888.
|p 25105
|r 2017-05-19 00:00:00
|s 2017-05-18
|u 24106
|w 2012-08-08
|y LIB
|k 242 / T 888.
|
| 999 |
|
|
|c 17424
|d 17424
|